History Quiz

Random History or Century Quiz

Inventors III (1900s) (clickable) Quiz Stats

 Plays Quiz not verified by Sporcle

Challenge
Share
Tweet
Embed
Score 0/20 Timer 05:00
0 Plays Today
% Correct
King Gillette
88.6%
Henry Ford
86.2%
Jonas Salk
81.9%
Ferdinand von Zeppelin
80.9%
Jacques Cousteau & Emile Gagnan
74.6%
Clarence Birdseye
71.7%
John Browning
70.7%
Igor Sikorsky
63.1%
Tim Berners-Lee
63%
Philo T. Farnsworth
49.1%
% Correct
Robert Goddard
48.8%
Robert Jarvik
46.2%
Alfred Binet, Theodore Simon
45.8%
John Bardeen, Walter H. Brattain, William B. Shockley
35.5%
Sir Ernest Swinton
27.2%
Ernest O. Lawrence
26.8%
Richard Drew
26.5%
Vladimir Zworykin, et al.
25.2%
Ray Tomlinson
23.5%
Narinder Kapany
20.6%

You're not logged in!

Compare scores with friends on all Sporcle quizzes.
Join for Free
OR
Log In

You Might Also Like...

Show Comments

Extras

Top Quizzes Today


Score Distribution

Your Account Isn't Verified!

In order to create a playlist on Sporcle, you need to verify the email address you used during registration. Go to your Sporcle Settings to finish the process.

Report this User

Report this user for behavior that violates our Community Guidelines.

Details: